000 00351nam a2200133Ia 4500
008 240624s9999 xx 000 0 und d
041 _aeng
082 _a338.6 ZHA
100 _aZHANG YONG
245 _aLARGE CHINESE STATE OWNED ENTERPRISES CO
260 _c2008
_aNew York
_bPalgrave Macmillan
300 _axiii, 299 p.; 22 cm.
365 _cERU
_b38
999 _c29090
_d29090